When You're Gone - Shawn Mendes - Statistics

General Stats
  • This quiz has been taken 20 times
  • The average score is 232 of 321
Answer Stats
% Correct
a
100%
A
100%
go
100%
I
100%
it,
100%
You
100%
you
100%
you're
100%
You're
100%
how
92%
know
92%
on
92%
at
83%
girl
83%
gone
83%
good
83%
have
83%
never
83%
of
83%
oh
83%
Oh,
83%
only
83%
picture
83%
staring
83%
that
83%
the
83%
Until
83%
when
83%
do
75%
It's
75%
it's
75%
matters,
75%
my
75%
been
67%
bit
67%
by
67%
don't
67%
hold
67%
Hold
67%
I'm
67%
just
67%
like
67%
little
67%
move
67%
slipping
67%
through
67%
to
67%
to,
67%
wanna
67%
Wanna
67%
what
67%
ever
58%
for
58%
happiest
58%
hard
58%
hate
58%
I've
58%
learn
58%
let
58%
losing
58%
loving
58%
me
58%
need
58%
supposed
58%
thought
58%
was
58%
we're
58%
but
50%
didn't
50%
fingertips
50%
So
50%
So,
50%
tryna
50%
without
50%
all
42%
believe
42%
better
42%
cope
42%
deeply
42%
feel
42%
missing
42%
Starting
42%
yeah
42%
getting
33%
myself
33%
protect
33%
real,
33%
ah
25%
No matching quizzes found
Score Distribution
Percent of People with Each Score
Percentile by Number Answered
Your Score History
You have not taken this quiz